[Event "Gelsenkirchen Silvester op 3rd"]
[Site "Gelsenkirchen"]
[Date "2015.12.27"]
[Round "1"]
[White "Seppelfricke, Guido"]
[Black "Mohaupt, Sascha"]
[Result "0-1"]
[WhiteElo "1902"]
[BlackElo "2219"]
[PlyCount "108"]
[EventDate "2015.12.27"]
[EventType "swiss"]
[EventRounds "5"]
[EventCountry "GER"]
[SourceTitle "EXT 2019"]
[Source "ChessBase"]
[SourceDate "2018.10.10"]
[SourceVersion "1"]
[SourceVersionDate "2018.10.10"]
[SourceQuality "1"]

1. e4 c5 2. Nf3 d6 3. d4 cxd4 4. Nxd4 Nf6 5. Nc3 a6 6. Bg5 e6 7. Qd2 h6 8. Be3 Ng4 9. 0-0-0 Be7 10. Kb1 b5 11. f4 Nxe3 12. Qxe3 b4 13. Nce2 Bb7 14. g4 Nd7 15. Bg2 Qb6 16. Qg3 Nc5 17. Qe3 Rc8 18. Nb3 Nd7 19. Qxb6 Nxb6 20. Rd4 Nc4 21. Nd2 Nxd2+ 22. Rxd2 Rc4 23. Rd4 Rxd4 24. Nxd4 Bf6 25. Nb3 g5 26. f5 h5 27. h3 hxg4 28. hxg4 Rxh1+ 29. Bxh1 exf5 30. gxf5 Ke7 31. Nc1 d5 32. exd5 Kd6 33. Nd3 a5 34. Bf3 Bxd5 35. Bg4 Be4 36. Nf2 Bd5 37. Nd3 Bd4 38. Kc1 Ke7 39. Kd2 Kf6 40. c3 bxc3+ 41. bxc3 Bb6 42. a3 Be4 43. c4 Bxf5 44. Bf3 g4 45. Bg2 Bxd3 46. Kxd3 Ke5 47. Bb7 Kf4 48. Ke2 f5 49. Kf1 Kg3 50. a4 f4 51. Bc6 f3 52. Bd7 Kf4 53. Be6 g3 54. Bh3 Bc5 0-1

[Event "Karl Mala Memorial op-A 17th"]
[Site "Frankfurt"]
[Date "2014.08.02"]
[Round "5"]
[White "Mohaupt, Sascha"]
[Black "Syed, Tareq"]
[Result "1-0"]
[WhiteElo "2200"]
[BlackElo "2027"]
[PlyCount "103"]
[EventDate "2014.07.31"]
[EventType "swiss"]
[EventRounds "7"]
[EventCountry "GER"]
[SourceTitle "EXT 2015"]
[Source "ChessBase"]
[SourceDate "2014.11.20"]
[SourceVersion "1"]
[SourceVersionDate "2014.11.20"]
[SourceQuality "1"]

1. e4 d6 2. Nc3 Nf6 3. d4 e5 4. dxe5 dxe5 5. Qxd8+ Kxd8 6. Bg5 c6 7. Nf3 Bd6 8. 0-0-0 Ke7 9. Nd2 h6 10. Bh4 g5 11. Bg3 Nh5 12. Nc4 Nxg3 13. hxg3 Bc7 14. Be2 b5 15. Ne3 Bb6 16. Kd2 Na6 17. Bd3 Nb4 18. Ke2 Bxe3 19. Kxe3 Nxd3 20. Rxd3 Be6 21. a3 Rad8 22. Rxd8 Kxd8 23. Ne2 Bc4 24. Nc1 a5 25. b3 Be6 26. Nd3 f6 27. Nc5 Ke7 28. Nb7 a4 29. bxa4 bxa4 30. Nc5 Kd6 31. Nxa4 Ra8 32. Nc3 Rxa3 33. Kd2 Bc4 34. Rxh6 Ke6 35. Rh7 Bf1 36. Rh2 Bb5 37. Rh1 Bc4 38. Nd1 Ra7 39. Ne3 Bb5 40. Rh6 Rd7+ 41. Kc3 Be2 42. f3 Bb5 43. Ng4 Rf7 44. Kb4 Bf1 45. Ne3 Ba6 46. Kc5 Kd7 47. Ng4 Bf1 48. Nxf6+ Kc7 49. Rh7 Rxh7 50. Nxh7 g4 51. fxg4 Bxg2 52. Nf6 1-0

[Event "Karl Mala Memorial op-A 17th"]
[Site "Frankfurt"]
[Date "2014.08.01"]
[Round "3"]
[White "Mohaupt, Sascha"]
[Black "Esterluss, Johannes"]
[Result "1-0"]
[WhiteElo "2200"]
[BlackElo "2030"]
[PlyCount "121"]
[EventDate "2014.07.31"]
[EventType "swiss"]
[EventRounds "7"]
[EventCountry "GER"]
[SourceTitle "EXT 2015"]
[Source "ChessBase"]
[SourceDate "2014.11.20"]
[SourceVersion "1"]
[SourceVersionDate "2014.11.20"]
[SourceQuality "1"]

1. e4 c5 2. Nc3 Nc6 3. Bb5 Nd4 4. Bc4 e6 5. Nge2 Ne7 6. 0-0 Nec6 7. d3 Be7 8. Nxd4 Nxd4 9. Be3 0-0 10. Qd2 a6 11. a4 b6 12. Bxd4 cxd4 13. Ne2 e5 14. Bd5 Rb8 15. c3 dxc3 16. Qxc3 d6 17. Qb3 b5 18. axb5 Rxb5 19. Qa2 Rb8 20. Rfc1 g6 21. Rc2 Kg7 22. Qa5 Qxa5 23. Rxa5 Bd8 24. Ra2 Bb6 25. Kf1 Bc5 26. Bc4 Ra8 27. Nc3 Bb7 28. Bd5 Bxd5 29. Nxd5 a5 30. Ke2 Rfb8 31. Rc4 Ra7 32. Rc2 Rab7 33. Ne3 Bd4 34. Nc4 Rb5 35. Rxa5 Rxa5 36. Nxa5 Rxb2 37. Rxb2 Bxb2 38. Nc4 Bd4 39. Nxd6 Kf6 40. f3 Ke6 41. Nc4 Ba7 42. Ne3 Bd4 43. Nd5 Bg1 44. h3 Bd4 45. Kd2 f5 46. Kc2 f4 47. Kb3 g5 48. Kc4 Bf2 49. Nc7+ Kd7 50. Nb5 Ke6 51. Na3 Ba7 52. Kb5 Bd4 53. Kc6 Bc3 54. Nb5 Ba5 55. Nc7+ Ke7 56. Na6 Kf6 57. Nc5 Ke7 58. Kd5 Bc3 59. Nb7 Bd4 60. Nd6 Bb2 61. Nc4 1-0

[Event "Leverkusen Bayer op 2nd"]
[Site "Leverkusen"]
[Date "1997.10.05"]
[Round "6"]
[White "Kipper, Jens"]
[Black "Mohaupt, Sascha"]
[Result "1-0"]
[WhiteElo "2195"]
[BlackElo "2195"]
[PlyCount "67"]
[EventDate "1997.10.??"]
[EventType "swiss"]
[EventRounds "7"]
[EventCountry "GER"]
[SourceTitle "CBM 060 Extra"]
[Source "ChessBase"]
[SourceDate "1997.11.04"]
[SourceVersion "1"]
[SourceVersionDate "1997.11.04"]
[SourceQuality "1"]

1. d4 Nf6 2. c4 g6 3. Nc3 Bg7 4. e4 d6 5. Nf3 0-0 6. Be2 e5 7. 0-0 exd4 8. Nxd4 Re8 9. f3 Nc6 10. Be3 Nh5 11. Nxc6 bxc6 12. Qd2 Bb7 13. Rad1 c5 14. Rfe1 Nf6 15. Bg5 Qe7 16. Bf1 Qf8 17. Nb5 Qe7 18. Qf4 Nh5 19. Qh4 f6 20. Bc1 a6 21. Nc3 f5 22. Qxe7 Rxe7 23. exf5 Rxe1 24. Rxe1 gxf5 25. Bd3 Bc8 26. Nd5 c6 27. Nc7 Rb8 28. Re8+ Kf7 29. Bxf5 Bd4+ 30. Kh1 Rb4 31. Bxc8 Ng7 32. Re1 Rxc4 33. Ne8 Rxc1 34. Nxd6+ 1-0

[Event "Leverkusen Bayer op 2nd"]
[Site "Leverkusen"]
[Date "1997.10.04"]
[Round "5"]
[White "Mohaupt, Sascha"]
[Black "Scharff, Klaus"]
[Result "1-0"]
[WhiteElo "2195"]
[BlackElo "1925"]
[PlyCount "135"]
[EventDate "1997.10.??"]
[EventType "swiss"]
[EventRounds "7"]
[EventCountry "GER"]
[SourceTitle "CBM 060 Extra"]
[Source "ChessBase"]
[SourceDate "1997.11.04"]
[SourceVersion "1"]
[SourceVersionDate "1997.11.04"]
[SourceQuality "1"]

1. e4 e6 2. d3 d6 3. Nf3 h6 4. g3 Ne7 5. Bg2 g6 6. 0-0 Bg7 7. d4 Nd7 8. Nc3 Nf8 9. Re1 Nh7 10. Be3 g5 11. Qe2 Ng6 12. Rad1 h5 13. Qc4 a6 14. a4 g4 15. Nd2 Bd7 16. Ne2 h4 17. Nf4 Nxf4 18. Bxf4 Nf8 19. Qb4 Ng6 20. Be3 Bc8 21. Nb3 Bh6 22. Qd2 Bxe3 23. Qxe3 e5 24. c3 Qf6 25. Nd2 Kf8 26. Rf1 Qg7 27. f3 hxg3 28. hxg3 Qh6 29. Qxh6+ Rxh6 30. Kf2 Kg7 31. Rh1 Rxh1 32. Rxh1 Bd7 33. a5 Rf8 34. Ke3 f5 35. exf5 Bxf5 36. fxg4 Bxg4 37. Bxb7 Rb8 38. Bxa6 Ra8 39. Be2 Bxe2 40. Kxe2 exd4 41. cxd4 Rxa5 42. Rc1 Ra7 43. Ne4 Ne7 44. g4 Nd5 45. Nc3 Nxc3+ 46. Rxc3 Kg6 47. Kf3 Kg5 48. Rb3 Ra8 49. Rb5+ Kg6 50. Ke4 Kf6 51. g5+ Ke6 52. d5+ Kd7 53. Kf5 Ra1 54. Kf6 Rf1+ 55. Kg7 Kc8 56. g6 Rf5 57. Kh6 Rf1 58. g7 Rh1+ 59. Kg6 Rg1+ 60. Kf7 Rf1+ 61. Kg8 Kd7 62. Rb4 Rh1 63. Kf7 Rf1+ 64. Kg6 Rg1+ 65. Kf6 Rg2 66. Rf4 Ke8 67. Rf5 Rg1 68. Rg5 1-0

[Event "Goch op 07th"]
[Site "Goch"]
[Date "1996.10.20"]
[Round "7"]
[White "Westphal, Markus"]
[Black "Mohaupt, Sascha"]
[Result "0-1"]
[WhiteElo "2011"]
[BlackElo "2215"]
[PlyCount "76"]
[EventDate "1996.10.17"]
[EventType "swiss"]
[EventRounds "7"]
[EventCountry "GER"]
[SourceTitle "EXT 2000"]
[Source "ChessBase"]
[SourceDate "1999.11.16"]
[SourceVersion "1"]
[SourceVersionDate "1999.11.16"]
[SourceQuality "1"]

1. e4 c5 2. f4 d5 3. exd5 Qxd5 4. Nc3 Qd8 5. Nf3 g6 6. Bc4 Bg7 7. Ne5 Nh6 8. d3 Nd7 9. Qe2 0-0 10. Be3 Nxe5 11. fxe5 Qc7 12. Bf4 Qb6 13. 0-0 Nf5 14. Qd2 Be6 15. Bxe6 Qxe6 16. Rae1 b6 17. b3 Rad8 18. Nb5 Qd7 19. a4 a6 20. Nc3 Nd4 21. Rf2 Rde8 22. Bh6 f5 23. exf6 exf6 24. Rxe8 Rxe8 25. Bxg7 Kxg7 26. Ne4 f5 27. Ng3 Qe6 28. Kf1 Qe5 29. Qd1 Re7 30. Qa1 h5 31. Qc3 Kh7 32. a5 b5 33. Ne2 b4 34. Qd2 Qxh2 35. Qg5 Qe5 36. g4 Nxe2 37. gxh5 Ng3+ 38. Kg2 Nxh5 0-1

[Event "Goch op 06th"]
[Site "Goch"]
[Date "1995.??.??"]
[Round "7"]
[White "Jung, Thomas"]
[Black "Mohaupt, Sascha"]
[Result "1-0"]
[WhiteElo "2150"]
[BlackElo "2085"]
[PlyCount "55"]
[EventDate "1995.10.??"]
[EventType "swiss"]
[EventRounds "7"]
[EventCountry "GER"]
[SourceTitle "EXT 1999"]
[Source "ChessBase"]
[SourceDate "1998.11.16"]
[SourceVersion "1"]
[SourceVersionDate "1998.11.16"]
[SourceQuality "1"]

1. e4 c5 2. Nf3 d6 3. d4 cxd4 4. Nxd4 Nf6 5. Nc3 a6 6. Be2 e6 7. 0-0 Nbd7 8. f4 b5 9. Bf3 Bb7 10. a3 Rc8 11. Qe1 Qc7 12. Kh1 e5 13. Nf5 g6 14. fxe5 Nxe5 15. Bg5 Ned7 16. Nd5 Nxd5 17. exd5+ Ne5 18. Bf6 Rg8 19. Bxe5 dxe5 20. d6 Bxd6 21. Nxd6+ Qxd6 22. Bxb7 Rxc2 23. Rd1 Qc7 24. Bd5 Rf8 25. Rf6 a5 26. h3 Rc5 27. Qh4 Rc1 28. Bc6+ 1-0

[Event "Goch op 06th"]
[Site "Goch"]
[Date "1995.??.??"]
[Round "3"]
[White "Link, Michael"]
[Black "Mohaupt, Sascha"]
[Result "1/2-1/2"]
[WhiteElo "2285"]
[BlackElo "2085"]
[PlyCount "48"]
[EventDate "1995.10.??"]
[EventType "swiss"]
[EventRounds "7"]
[EventCountry "GER"]
[SourceTitle "EXT 1999"]
[Source "ChessBase"]
[SourceDate "1998.11.16"]
[SourceVersion "1"]
[SourceVersionDate "1998.11.16"]
[SourceQuality "1"]

1. Nf3 d6 2. g3 g6 3. Bg2 Bg7 4. 0-0 Nf6 5. c4 0-0 6. Nc3 e5 7. d3 Nc6 8. Rb1 a5 9. a3 Nd4 10. Bg5 h6 11. Bxf6 Bxf6 12. b4 axb4 13. axb4 Bg7 14. b5 Bg4 15. Nxd4 exd4 16. Ne4 Qd7 17. Re1 Rfe8 18. Rb2 Re7 19. Nd2 c6 20. bxc6 bxc6 21. Rb6 d5 22. cxd5 cxd5 23. Nf3 Ra2 24. Rb4 Qa7 1/2-1/2

[Event "Duesseldorf Nord Cup 1st"]
[Site "Duesseldorf"]
[Date "1995.??.??"]
[Round "3"]
[White "Mohaupt, Sascha"]
[Black "Lemanczyk, Thomas"]
[Result "1/2-1/2"]
[WhiteElo "2065"]
[BlackElo "2235"]
[PlyCount "22"]
[EventDate "1995.06.02"]
[EventType "swiss"]
[EventRounds "7"]
[EventCountry "GER"]
[SourceTitle "EXT 1999"]
[Source "ChessBase"]
[SourceDate "1998.11.16"]
[SourceVersion "1"]
[SourceVersionDate "1998.11.16"]
[SourceQuality "1"]

1. e4 e6 2. d4 d5 3. Nc3 Bb4 4. exd5 exd5 5. Bd3 Nc6 6. Nge2 Bg4 7. f3 Bh5 8. Be3 Bg6 9. 0-0 Nge7 10. a3 Bxc3 11. Nxc3 0-0 1/2-1/2